<?xml version="1.0" encoding="UTF-8"?>
<record
    xmlns:xsi="http://www.w3.org/2001/XMLSchema-instance"
    xsi:schemaLocation="http://www.loc.gov/MARC21/slim http://www.loc.gov/standards/marcxml/schema/MARC21slim.xsd"
    xmlns="http://www.loc.gov/MARC21/slim">

  <leader>00675cam a2200229 a 4500</leader>
  <controlfield tag="001">0000001913</controlfield>
  <controlfield tag="003">OSt</controlfield>
  <controlfield tag="005">20140825163958.0</controlfield>
  <controlfield tag="008">860314s1986    tnua          00010 eng</controlfield>
  <datafield tag="020" ind1=" " ind2=" ">
    <subfield code="a">0687013801 (alk. paper)</subfield>
  </datafield>
  <datafield tag="035" ind1=" " ind2=" ">
    <subfield code="a">   86003493 //r87</subfield>
  </datafield>
  <datafield tag="040" ind1=" " ind2=" ">
    <subfield code="a">PUL</subfield>
    <subfield code="c">PUL</subfield>
  </datafield>
  <datafield tag="050" ind1=" " ind2=" ">
    <subfield code="a">BX8382.2</subfield>
    <subfield code="b">.W55 1986</subfield>
  </datafield>
  <datafield tag="100" ind1="1" ind2="0">
    <subfield code="a">Wilke, Richard B.,</subfield>
    <subfield code="d">1930-</subfield>
  </datafield>
  <datafield tag="245" ind1="1" ind2="0">
    <subfield code="a">And are we yet alive? :</subfield>
    <subfield code="b">the future of the United Methodist Church /</subfield>
    <subfield code="c">Richard B. Wilke.</subfield>
  </datafield>
  <datafield tag="260" ind1="0" ind2=" ">
    <subfield code="a">Nashville :</subfield>
    <subfield code="b">Abingdon Press,</subfield>
    <subfield code="c">c1986.</subfield>
  </datafield>
  <datafield tag="300" ind1=" " ind2=" ">
    <subfield code="a">124 p. :</subfield>
    <subfield code="b">ill. ;</subfield>
    <subfield code="c">23 cm.</subfield>
  </datafield>
  <datafield tag="610" ind1="2" ind2="0">
    <subfield code="a">United Methodist Church (U.S.)</subfield>
  </datafield>
  <datafield tag="650" ind1=" " ind2="0">
    <subfield code="a">Methodist Church.</subfield>
  </datafield>
  <datafield tag="908" ind1=" " ind2=" ">
    <subfield code="a">050128</subfield>
  </datafield>
  <datafield tag="942" ind1=" " ind2=" ">
    <subfield code="2">lcc</subfield>
    <subfield code="c">BK</subfield>
  </datafield>
  <datafield tag="999" ind1=" " ind2=" ">
    <subfield code="c">1850</subfield>
    <subfield code="d">1850</subfield>
  </datafield>
  <datafield tag="952" ind1=" " ind2=" ">
    <subfield code="0">0</subfield>
    <subfield code="1">0</subfield>
    <subfield code="2">lcc</subfield>
    <subfield code="4">0</subfield>
    <subfield code="7">0</subfield>
    <subfield code="a">PUEA</subfield>
    <subfield code="b">PUEA</subfield>
    <subfield code="d">2012-12-26</subfield>
    <subfield code="e">Donation</subfield>
    <subfield code="l">0</subfield>
    <subfield code="o">BX8382.2 .W55 1986</subfield>
    <subfield code="p">020010002114</subfield>
    <subfield code="r">2012-12-26 00:00:00</subfield>
    <subfield code="w">2012-12-26</subfield>
    <subfield code="y">BK</subfield>
  </datafield>
</record>
